000 00361nam a2200133Ia 4500
008 100328s9999 xx 000 0 und d
082 _b3142
100 _aगांधीजी
245 _aसर्वोदय
260 _bउपायाय मार्तएड
630 _aसर्वोदय
730 _aसर्वोदय
942 _cBOOK
999 _c499294
_d499291